|
|
|
|
| LEADER |
01349nam a2200277 a 4500 |
| 001 |
1641039 |
| 008 |
090531s1994 ja a bs i000 0 eng d |
| 010 |
|
|
|a \\\96129074
|
| 020 |
|
|
|a 9280808311
|
| 040 |
|
|
|a InU
|c InU
|d DGU
|d DLC
|
| 082 |
0 |
4 |
|a 658.05072209415
|2 20
|
| 245 |
0 |
0 |
|a Information technology in selected countries :
|b reports from Ireland, Ethiopia, Nigeria, and Tanzania /
|c edited by Eileen P. Drew and F. Gordon Foster.
|
| 260 |
|
|
|a Tokyo :
|b United Nations University,
|c c1994.
|
| 300 |
|
|
|a vi, 148 p. :
|b ill. ;
|c 25 cm.
|
| 500 |
|
|
|a "United Nations sales no.: E93.III.A.2"--T.p. verso.
|
| 504 |
|
|
|a Includes bibliographical references.
|
| 541 |
1 |
|
|e 00011360
|
| 650 |
|
0 |
|a Information technology
|z Ireland
|x Case studies.
|
| 650 |
|
0 |
|a Information technology
|z Africa
|x Case studies.
|
| 700 |
1 |
|
|a Drew, Eileen P.
|
| 700 |
1 |
|
|a Foster, F. G.
|
| 710 |
2 |
|
|a United Nations University.
|
| 852 |
4 |
|
|a Ayesha Abed Library
|j General shelf
|
| 999 |
|
|
|c 1200
|d 1200
|
| 952 |
|
|
|0 0
|1 0
|2 ddc
|4 0
|6 658_050722094150000_INF1994
|7 0
|9 1086
|a BRACUL
|b BRACUL
|c GEN
|d 2009-06-24
|g 0.00
|l 1
|o 658.05072209415 INF
|p 3010011360
|r 2020-01-29
|s 2020-01-23
|t 1
|w 2009-06-24
|y BK
|x No price found in the accession register.
|
| 952 |
|
|
|0 0
|1 0
|2 ddc
|4 0
|6 658_050722094150000_INF1994
|7 0
|9 9778
|a BRACUL
|b BRACUL
|c GEN
|d 2010-05-05
|l 0
|o 658.05072209415 INF
|p 3010011374
|r 2010-05-05
|t 2
|w 2010-05-05
|y BK
|